El nuevo paquete legislativo comunitario sobre contratación pública: de la burocracia a la estrategia. El contrato público como herramienta del liderazgo institucional de los poderes públicos
Guardat en:
| Autor principal: | |
|---|---|
| Format: | Llibre |
| Idioma: | espanyol |
| Publicat: |
Pamplona
Thomson Reuters Aranzadi
2014
|
| Edició: | 1a. ed |
| Col·lecció: | Estudios
|
| Matèries: | |
| Etiquetes: |
Afegir etiqueta
Sense etiquetes, Sigues el primer a etiquetar aquest registre!
|
MARC
| LEADER | 00000cam a2200000 a 4500 | ||
|---|---|---|---|
| 001 | UCE9127 | ||
| 003 | CL-VaPUC | ||
| 008 | 150928e20140000sp |||||||||||||||||spa|d | ||
| 020 | |a 9788490597804 | ||
| 082 | 0 | 4 | |a 351.711 |b GIM |2 21 |
| 100 | 0 | |a Gimeno Feliú, José María |e author |9 581846 | |
| 245 | 1 | 3 | |a El nuevo paquete legislativo comunitario sobre contratación pública: de la burocracia a la estrategia. El contrato público como herramienta del liderazgo institucional de los poderes públicos |
| 250 | |a 1a. ed | ||
| 300 | |a 237 p | ||
| 942 | |c BK | ||
| 945 | |d 20150928 14:02:00 |a gsalatino | ||
| 260 | |a Pamplona |b Thomson Reuters Aranzadi |c 2014 | ||
| 650 | 0 | |a Administración pública |9 255343 | |
| 650 | 7 | |a CONTRATOS PUBLICOS |2 CL-VaPUC |9 257953 | |
| 650 | 0 | |a Servicios públicos |9 328528 | |
| 650 | 0 | |a Derecho administrativo |9 254851 | |
| 650 | 0 | |a Contratos |9 255153 | |
| 583 | |a last modification |c 20151002 03:43:52 |k Rodrigo Vera | ||
| 490 | 0 | |a Estudios | |
| 999 | |c 360825 |d 360823 | ||
| 952 | |0 0 |1 0 |3 erb |4 0 |6 351_711000000000000_GIM_2014 |7 0 |8 A |9 470798 |a BIBDER |b BIBDER |i 5199999 |l 4 |o 351.711 GIM 2014 |p 5199999 |r 2024-11-21 |s 2024-11-21 |w 2019-11-23 |y BK |z Catalogado en:20150928 |k DER | ||